[Event "Montreal Hivernale"]
[Site "Montreal CAN"]
[Date "2018.01.06"]
[Round "7"]
[White "Talukdar, Rohan"]
[Black "Ivanov, Mike"]
[Result "0-1"]
[WhiteElo "2290"]
[BlackElo "2248"]
[WhiteFideId "-1"]
[WhiteFideId "-1"]
[PlyCount "108"]
[GameId "2160767908283771"]
[EventDate "2018.01.02"]
[EventType "tourn"]
[EventRounds "7"]
[EventCountry "CAN"]
[EventCategory "1"]
[SourceTitle "CBM 182 Extra"]
[Source "ChessBase"]
[SourceDate "2018.02.23"]
[SourceVersion "1"]
[SourceVersionDate "2018.02.23"]
[SourceQuality "1"]

1. e4 g6 2. d4 Bg7 3. Nc3 c6 4. Nf3 d5 5. h3 Nf6 6. e5 Ne4 7. Nxe4 dxe4 8. Ng5 c5 9. Bc4 O-O 10. c3 cxd4 11. cxd4 Nc6 12. Be3 Na5 13. Be2 f5 14. exf6 exf6 15. Nxe4 f5 16. Nc5 f4 17. Bd2 Nc6 18. Nb3 a5 19. a4 Be6 20. O-O Qg5 21. Bf3 Bxh3 22. Nc5 Bf5 23. Bc3 Rae8 24. Nxb7 Bh3 25. Kh2 Bxg2 26. Bxg2 f3 27. Bxf3 Rf4 28. Bg2 Nxd4 29. Bxd4 Bxd4 30. Qb3+ Kh8 31. Rad1 Be5 32. Kg1 Rg4 33. Qf3 Rf4 34. Qd5 Rf5 35. Qc6 Ref8 36. Rd3 Qf4 37. Rg3 Qd2 38. Qc1 Qd4 39. Qe3 Qxb2 40. Rh3 Bd4 41. Qh6 R8f7 42. Nd6 Rxf2 43. Nxf7+ Rxf7+ 44. Kh1 Rxf1+ 45. Bxf1 Qb7+ 46. Bg2 Qb1+ 47. Kh2 Qg1+ 48. Kg3 Qf2+ 49. Kg4 Qf5+ 50. Kh4 Bf6+ 51. Kg3 Be5+ 52. Kh4 g5+ 53. Kh5 Bf4 54. Be4 Qxh3# 0-1

[Event "Sants op"]
[Site "Barcelona ESP"]
[Date "2017.08.19"]
[Round "2.14"]
[White "Ivanov, Mike"]
[Black "Blomqvist, Erik"]
[Result "0-1"]
[WhiteElo "2262"]
[BlackElo "2525"]
[WhiteFideId "-1"]
[WhiteFideId "-1"]
[PlyCount "62"]
[GameId "2130307629038958"]
[EventDate "2017.08.18"]
[EventType "swiss"]
[EventRounds "10"]
[EventCountry "ESP"]
[SourceTitle "10 Days #517"]
[Source "Chess Mix"]
[SourceDate "2017.09.01"]
[SourceVersion "1"]
[SourceVersionDate "2017.09.01"]
[SourceQuality "1"]

1. e4 c5 2. Nf3 e6 3. c3 Nf6 4. Bd3 d5 5. e5 Nfd7 6. Bc2 c4 7. O-O Nc6 8. Re1 Qc7 9. Qe2 g5 10. d4 cxd3 11. Qxd3 g4 12. Nd4 Ndxe5 13. Qe2 h5 14. Bf4 f6 15. Bg6+ Kd8 16. Kh1 Bc5 17. Nxc6+ bxc6 18. Nd2 Bd6 19. Bc2 a5 20. Rad1 Ba6 21. c4 Ke7 22. Bd3 Qa7 23. Bxe5 fxe5 24. f4 Rhf8 25. fxe5 Bc7 26. cxd5 cxd5 27. Rf1 Rxf1+ 28. Rxf1 Bxd3 29. Qxd3 Bxe5 30. Re1 Qd4 31. Qh7+ Kd6 0-1

[Event "Sants op"]
[Site "Barcelona ESP"]
[Date "2017.08.22"]
[Round "5.44"]
[White "Firat, Burak"]
[Black "Ivanov, Mike"]
[Result "1/2-1/2"]
[WhiteElo "2482"]
[BlackElo "2262"]
[WhiteFideId "-1"]
[WhiteFideId "-1"]
[PlyCount "89"]
[GameId "2130307629051443"]
[EventDate "2017.08.18"]
[EventType "swiss"]
[EventRounds "10"]
[EventCountry "ESP"]
[SourceTitle "10 Days #517"]
[Source "Chess Mix"]
[SourceDate "2017.09.01"]
[SourceVersion "1"]
[SourceVersionDate "2017.09.01"]
[SourceQuality "1"]

1. d4 Nf6 2. Nf3 e6 3. c4 c5 4. d5 exd5 5. cxd5 d6 6. Nc3 g6 7. Bf4 a6 8. a4 Bg7 9. h3 O-O 10. e3 Qe7 11. Be2 Nbd7 12. O-O Ne8 13. Re1 Rb8 14. Nd2 Ne5 15. Bh2 f5 16. Bf1 Nc7 17. f4 Nf7 18. e4 fxe4 19. Ndxe4 Qd8 20. Kh1 b5 21. axb5 Nxb5 22. Nxb5 axb5 23. Qd2 Re8 24. g4 Bd4 25. Bg1 Bg7 26. Ra3 Bd7 27. b4 cxb4 28. Rb3 h5 29. Bd4 Rxe4 30. Rxe4 hxg4 31. Rbe3 Bxd4 32. Qxd4 Qh4 33. Re6 Bxe6 34. dxe6 Nh6 35. e7 Re8 36. Qxd6 Kh7 37. Bd3 Nf5 38. Bxf5 gxf5 39. Qd7 Qh5 40. Qxb5 g3 41. Kg2 Qf7 42. Kxg3 Rxe7 43. Rxe7 Qxe7 44. Qxf5+ Kh6 45. Qb5 1/2-1/2

[Event "Sants op"]
[Site "Barcelona ESP"]
[Date "2017.08.25"]
[Round "8.25"]
[White "Ivanov, Mike"]
[Black "Trent, Lawrence"]
[Result "0-1"]
[WhiteElo "2262"]
[BlackElo "2439"]
[WhiteFideId "-1"]
[WhiteFideId "-1"]
[PlyCount "48"]
[GameId "2130307629055647"]
[EventDate "2017.08.18"]
[EventType "swiss"]
[EventRounds "10"]
[EventCountry "ESP"]
[SourceTitle "10 Days #517"]
[Source "Chess Mix"]
[SourceDate "2017.09.01"]
[SourceVersion "1"]
[SourceVersionDate "2017.09.01"]
[SourceQuality "1"]

1. e4 e5 2. f4 exf4 3. Nf3 Nf6 4. e5 Nh5 5. Be2 g6 6. O-O d6 7. d4 Bg7 8. exd6 cxd6 9. Ne1 Nc6 10. c3 Nf6 11. Bxf4 Nd5 12. Bc1 O-O 13. Bf3 Nce7 14. Kh1 h6 15. a4 Nf6 16. a5 a6 17. Be3 Nf5 18. Bf2 h5 19. Nd2 Re8 20. Nc4 Rb8 21. Nb6 Be6 22. Nd3 Bh6 23. Re1 Bg5 24. g3 Ng7 0-1

[Event "Sants op"]
[Site "Barcelona ESP"]
[Date "2017.08.26"]
[Round "9.38"]
[White "Oblitas Guerrero, Carlomagno"]
[Black "Ivanov, Mike"]
[Result "1-0"]
[WhiteElo "2397"]
[BlackElo "2262"]
[WhiteFideId "-1"]
[WhiteFideId "-1"]
[PlyCount "145"]
[GameId "2130307629059800"]
[EventDate "2017.08.18"]
[EventType "swiss"]
[EventRounds "10"]
[EventCountry "ESP"]
[SourceTitle "The Week in Chess 1191"]
[Source "Mark Crowther"]
[SourceDate "2017.09.04"]
[SourceVersion "1"]
[SourceVersionDate "2017.09.04"]
[SourceQuality "2"]

1. d4 g6 2. e4 Bg7 3. c3 c6 4. Bg5 d5 5. Nd2 Nh6 6. Ngf3 O-O 7. Bd3 Na6 8. exd5 cxd5 9. Nf1 f6 10. Bf4 Nf5 11. Bxf5 Bxf5 12. Ne3 Be6 13. O-O Qd7 14. Re1 Rac8 15. Re2 Rfe8 16. Qd2 Nc7 17. h3 Nb5 18. Bg3 Bh6 19. Rae1 Nd6 20. Bxd6 Qxd6 21. Qd1 Bf7 22. Ng4 Bg7 23. Qd2 g5 24. Nfh2 e6 25. Nf1 h5 26. Nge3 Kh7 27. Qd1 Bg6 28. Ng3 h4 29. Ngf1 Bh5 30. f3 Bg6 31. Ng4 b5 32. Re3 Bf5 33. Nd2 b4 34. Qa4 bxc3 35. bxc3 Re7 36. Nb3 e5 37. Qb4 Qxb4 38. cxb4 Bxg4 39. hxg4 Rc4 40. a3 Rec7 41. Nc5 Rc6 42. Rd3 a5 43. dxe5 fxe5 44. Rxd5 axb4 45. axb4 Rxb4 46. Ne4 Kg6 47. Red1 Rd4 48. R1xd4 exd4 49. Rxg5+ Kf7 50. Rc5 Ra6 51. f4 d3 52. Rc7+ Kg8 53. Rc8+ Bf8 54. Kf2 Kf7 55. Rd8 Ra2+ 56. Kf3 Ra3 57. f5 d2+ 58. Kf4 Bb4 59. g5 Ra2 60. g6+ Ke7 61. Rd3 d1=Q 62. Rxd1 Rxg2 63. Rh1 Bd6+ 64. Nxd6 Kxd6 65. Rxh4 Ke7 66. Rh7+ Kf8 67. Ra7 Kg8 68. Ke5 Re2+ 69. Kf6 Re8 70. Kg5 Rb8 71. f6 Rf8 72. Rg7+ Kh8 73. Rh7+ 1-0

[Event "Riga Tech op-A"]
[Site "Riga LAT"]
[Date "2017.08.07"]
[Round "1.4"]
[White "Fridman, Daniel"]
[Black "Ivanov, Mike"]
[Result "1/2-1/2"]
[WhiteElo "2640"]
[BlackElo "2262"]
[WhiteFideId "-1"]
[WhiteFideId "-1"]
[PlyCount "116"]
[GameId "2130307629677061"]
[EventDate "2017.08.07"]
[EventType "swiss"]
[EventRounds "9"]
[EventCountry "LAT"]
[SourceTitle "10 Days #516"]
[Source "Chess Mix"]
[SourceDate "2017.08.20"]
[SourceVersion "1"]
[SourceVersionDate "2017.08.20"]
[SourceQuality "1"]

1. Nf3 Nc6 2. d4 d5 3. e3 Bg4 4. Bb5 e6 5. c4 Bb4+ 6. Bd2 Bxd2+ 7. Nbxd2 Nge7 8. h3 Bh5 9. cxd5 exd5 10. g4 Bg6 11. h4 a6 12. Bxc6+ Nxc6 13. h5 Be4 14. Nxe4 dxe4 15. Nd2 Qe7 16. Qb1 Nb4 17. Nxe4 O-O-O 18. f3 g6 19. g5 h6 20. hxg6 hxg5 21. Rxh8 Rxh8 22. g7 Rg8 23. Kd2 Rxg7 24. Nc5 Rg8 25. a3 Nc6 26. Qf5+ Kb8 27. Rc1 Re8 28. Ne4 g4 29. Qxg4 Na5 30. Ke2 b6 31. b4 Nb7 32. Qf4 Rg8 33. Kf2 a5 34. Nf6 Rd8 35. bxa5 Nxa5 36. Rc3 Rd6 37. Ne4 Rg6 38. d5 Nb7 39. Qh2 f5 40. Nd2 Qg7 41. Rd3 Rh6 42. Qg3 Rg6 43. Qh2 Rh6 44. Qg3 Rg6 45. Qh2 Nc5 46. Rd4 f4 47. d6 Rg2+ 48. Qxg2 fxe3+ 49. Kf1 Qxd4 50. Qg8+ Kb7 51. dxc7 Qd3+ 52. Kg1 Kxc7 53. Qf7+ Kb8 54. Ne4 e2 55. Qe8+ Ka7 56. Qe7+ Nb7 57. Kf2 e1=Q+ 58. Kxe1 Qe3+ 1/2-1/2

[Event "Fano op"]
[Site "Fano ITA"]
[Date "2017.07.29"]
[Round "1.10"]
[White "Ivanov, Mike"]
[Black "Harstad, Christian"]
[Result "1-0"]
[WhiteElo "2286"]
[BlackElo "1970"]
[WhiteFideId "-1"]
[WhiteFideId "-1"]
[PlyCount "63"]
[GameId "2130307630092955"]
[EventDate "2017.07.29"]
[EventType "swiss"]
[EventRounds "9"]
[EventCountry "ITA"]
[SourceTitle "10 Days #515"]
[Source "Chess Mix"]
[SourceDate "2017.08.10"]
[SourceVersion "1"]
[SourceVersionDate "2017.08.10"]
[SourceQuality "1"]

1. e4 e5 2. Nf3 Nc6 3. Nc3 Nf6 4. Bb5 Bb4 5. O-O O-O 6. d3 Bxc3 7. bxc3 d6 8. h3 h6 9. Re1 Bd7 10. d4 Re8 11. Bd3 a6 12. a4 Na5 13. Ba3 Qc8 14. c4 c5 15. d5 Bxa4 16. Bb2 b5 17. Nh4 Rb8 18. Bc3 Nb7 19. f4 Qd7 20. Nf5 bxc4 21. Bxc4 Bb5 22. Bxb5 axb5 23. fxe5 dxe5 24. Ra6 Qd8 25. Qf3 b4 26. Bd2 Re6 27. Nxh6+ gxh6 28. dxe6 Qxd2 29. exf7+ Kf8 30. Rd1 Qxc2 31. Rxf6 b3 32. Rxh6 1-0

[Event "Fano op"]
[Site "Fano ITA"]
[Date "2017.07.30"]
[Round "2.8"]
[White "Beccarini, Giacomo"]
[Black "Ivanov, Mike"]
[Result "0-1"]
[WhiteElo "1956"]
[BlackElo "2286"]
[WhiteFideId "-1"]
[WhiteFideId "-1"]
[PlyCount "64"]
[GameId "2130307630097073"]
[EventDate "2017.07.29"]
[EventType "swiss"]
[EventRounds "9"]
[EventCountry "ITA"]
[SourceTitle "10 Days #515"]
[Source "Chess Mix"]
[SourceDate "2017.08.10"]
[SourceVersion "1"]
[SourceVersionDate "2017.08.10"]
[SourceQuality "1"]

1. d4 Nf6 2. c4 c5 3. d5 e6 4. Nc3 exd5 5. cxd5 d6 6. e4 g6 7. f4 Bg7 8. Bb5+ Nfd7 9. a4 Qh4+ 10. g3 Qe7 11. Qe2 O-O 12. Nf3 Na6 13. O-O Nb4 14. Be3 Nf6 15. Bf2 Bg4 16. Rad1 a6 17. Bd3 Rfe8 18. Rfe1 Rad8 19. Kg2 Qd7 20. Qd2 Bxf3+ 21. Kxf3 Qh3 22. Bg1 Nxd3 23. Qxd3 Ng4 24. Rd2 f5 25. Rde2 Rf8 26. exf5 Rxf5 27. Re8+ Rxe8 28. Rxe8+ Kf7 29. Re1 Ne5+ 30. Rxe5 Bxe5 31. Ne2 Qf1+ 32. Bf2 Bd4 0-1

[Event "Fano op"]
[Site "Fano ITA"]
[Date "2017.07.31"]
[Round "3.3"]
[White "Ivanov, Mike"]
[Black "Nemeth, Miklos"]
[Result "0-1"]
[WhiteElo "2286"]
[BlackElo "2472"]
[WhiteFideId "-1"]
[WhiteFideId "-1"]
[PlyCount "88"]
[GameId "2130307630097092"]
[EventDate "2017.07.29"]
[EventType "swiss"]
[EventRounds "9"]
[EventCountry "ITA"]
[SourceTitle "10 Days #515"]
[Source "Chess Mix"]
[SourceDate "2017.08.10"]
[SourceVersion "1"]
[SourceVersionDate "2017.08.10"]
[SourceQuality "1"]

1. e4 e5 2. f4 c6 3. Nf3 d5 4. Nxe5 dxe4 5. Bc4 Nh6 6. Qe2 Qe7 7. Bb3 b5 8. Nc3 f6 9. Qh5+ g6 10. Nxg6 hxg6 11. Qxg6+ Kd8 12. Qxe4 Nf5 13. Qxe7+ Bxe7 14. Ne2 Bb7 15. Kf2 c5 16. Be6 Nd6 17. d3 f5 18. Ng3 Bh4 19. a4 Bxg3+ 20. Kxg3 Rh6 21. Re1 Rg6+ 22. Kf2 Rxg2+ 23. Kf1 Rxc2 24. Be3 Nd7 25. Re2 Rxe2 26. Kxe2 bxa4 27. Rxa4 a6 28. b4 Bc6 29. bxc5 Bxa4 30. cxd6 Rc8 31. Bxf5 Rc6 32. h4 Rxd6 33. h5 Bb3 34. Bg6 Nf8 35. Be4 Bf7 36. Bf3 Nh7 37. f5 a5 38. Bc5 Rf6 39. Bg4 a4 40. Kd2 Ra6 41. Kc2 a3 42. Kb1 Nf6 43. Bf3 Nxh5 44. Bb7 Ra4 0-1

[Event "Fano op"]
[Site "Fano ITA"]
[Date "2017.07.31"]
[Round "4.8"]
[White "Scarpa, Silvia"]
[Black "Ivanov, Mike"]
[Result "0-1"]
[WhiteElo "1933"]
[BlackElo "2286"]
[WhiteFideId "-1"]
[WhiteFideId "-1"]
[PlyCount "54"]
[GameId "2130307630097121"]
[EventDate "2017.07.29"]
[EventType "swiss"]
[EventRounds "9"]
[EventCountry "ITA"]
[SourceTitle "10 Days #515"]
[Source "Chess Mix"]
[SourceDate "2017.08.10"]
[SourceVersion "1"]
[SourceVersionDate "2017.08.10"]
[SourceQuality "1"]

1. e4 g6 2. d4 Bg7 3. Nc3 c6 4. Be3 d5 5. exd5 cxd5 6. Qd2 Nc6 7. Nf3 a6 8. Be2 h5 9. O-O Nh6 10. Ne5 Nf5 11. Nxc6 bxc6 12. Na4 O-O 13. Nc5 Qb6 14. Na4 Qa7 15. c3 e5 16. Nc5 Rb8 17. b3 Re8 18. Rae1 Nxe3 19. Qxe3 Bf5 20. Qd2 a5 21. a3 Bf8 22. b4 exd4 23. cxd4 axb4 24. axb4 Qa3 25. Qf4 Rxb4 26. Na6 Rb2 27. Ra1 Ra2 0-1

[Event "World op"]
[Site "Philadelphia USA"]
[Date "2017.07.02"]
[Round "4"]
[White "Brown, Michael William"]
[Black "Ivanov, Mike"]
[Result "1-0"]
[WhiteElo "2489"]
[BlackElo "2286"]
[WhiteFideId "-1"]
[WhiteFideId "-1"]
[PlyCount "91"]
[GameId "2130307632010182"]
[EventDate "2017.06.30"]
[EventType "swiss"]
[EventRounds "9"]
[EventCountry "USA"]
[SourceTitle "The Week in Chess 1182"]
[Source "Mark Crowther"]
[SourceDate "2017.07.03"]
[SourceVersion "1"]
[SourceVersionDate "2017.07.03"]
[SourceQuality "2"]

1. d4 Nf6 2. c4 e5 3. dxe5 Ng4 4. Nf3 Bc5 5. e3 Nc6 6. Be2 Ngxe5 7. Nxe5 Nxe5 8. O-O O-O 9. Nc3 Re8 10. b3 a5 11. Bb2 Ra6 12. Qd5 Ba7 13. Ne4 Rh6 14. Bxe5 c6 15. Bf6 gxf6 16. Qd3 d5 17. Ng3 d4 18. Rad1 f5 19. Nxf5 Bxf5 20. Qxf5 Qd6 21. g3 Qe5 22. Qxe5 Rxe5 23. Kg2 dxe3 24. f4 Ree6 25. Rd7 Rd6 26. Rd1 Bc5 27. R1xd6 Rxd6 28. Rxb7 Rd2 29. Kf3 Rxa2 30. Rc7 Rb2 31. Rxc6 Bd4 32. Ra6 Rxb3 33. Rxa5 Rc3 34. Ke4 Bb6 35. Ra6 Rb3 36. Ra8+ Kg7 37. Rb8 Rb2 38. Kf3 Rb4 39. g4 f6 40. Rb7+ Kg8 41. h4 h6 42. h5 Kh8 43. Ke4 Bc5 44. Rc7 Bb6 45. Rf7 Rb2 46. Rxf6 1-0

[Event "CAN-ch University"]
[Site "London CAN"]
[Date "2017.01.14"]
[Round "2"]
[White "Marinkovic, Mate"]
[Black "Ivanov, Mike"]
[Result "0-1"]
[WhiteElo "2269"]
[BlackElo "2353"]
[WhiteFideId "-1"]
[WhiteFideId "-1"]
[PlyCount "96"]
[GameId "2160767908478834"]
[EventDate "2017.01.14"]
[EventType "team"]
[EventRounds "5"]
[EventCountry "CAN"]
[SourceTitle "EXT 2022"]
[Source "ChessBase"]
[SourceDate "2021.10.06"]
[SourceVersion "1"]
[SourceVersionDate "2021.10.06"]
[SourceQuality "1"]

1. c4 e5 2. g3 Nc6 3. Bg2 Bc5 4. e3 d6 5. Nc3 a6 6. a3 Ba7 7. b4 Bf5 8. d3 Qd7 9. Nge2 Nge7 10. Nd5 Nxd5 11. cxd5 Ne7 12. h3 O-O 13. d4 e4 14. Nc3 c6 15. g4 Bg6 16. Nxe4 cxd5 17. Nc3 Rac8 18. Bb2 f5 19. Nxd5 Nxd5 20. Bxd5+ Kh8 21. g5 f4 22. e4 Bxe4 23. Bxe4 Rce8 24. f3 d5 25. Qd3 dxe4 26. fxe4 Rxe4+ 27. Qxe4 Re8 28. Qxe8+ Qxe8+ 29. Kd2 Qe3+ 30. Kc2 Qe4+ 31. Kd2 Qg2+ 32. Kc3 f3 33. Rae1 Kg8 34. Kb3 f2 35. Rd1 Kf7 36. h4 g6 37. d5 Ke7 38. Bf6+ Kd7 39. Kc3 Qf3+ 40. Kb2 Be3 41. Bc3 Bf4 42. Rhf1 Qe2+ 43. Kb3 Bg3 44. Rh1 Bf4 45. Rhf1 b5 46. Bd4 Bd2 47. Bxf2 Qc4+ 48. Kb2 Qc3+ 0-1

[Event "CAN-ch University"]
[Site "London CAN"]
[Date "2017.01.14"]
[Round "3"]
[White "Ivanov, Mike"]
[Black "Kleinman, Michael"]
[Result "1/2-1/2"]
[WhiteElo "2361"]
[BlackElo "2353"]
[WhiteFideId "-1"]
[WhiteFideId "-1"]
[PlyCount "50"]
[GameId "2160767908478838"]
[EventDate "2017.01.14"]
[EventType "team"]
[EventRounds "5"]
[EventCountry "CAN"]
[SourceTitle "EXT 2022"]
[Source "ChessBase"]
[SourceDate "2021.10.06"]
[SourceVersion "1"]
[SourceVersionDate "2021.10.06"]
[SourceQuality "1"]

1. e4 c5 2. Nf3 e6 3. c3 d5 4. e5 Nc6 5. d4 Qb6 6. Bd3 Bd7 7. dxc5 Bxc5 8. O-O a5 9. Nbd2 Qa7 10. Qe2 Nge7 11. h4 Nf5 12. Bxf5 exf5 13. Nb3 Bb6 14. Rd1 Be6 15. Nbd4 Nxd4 16. Nxd4 Bxd4 17. Rxd4 Qa6 18. Qf3 h6 19. Be3 O-O 20. h5 Rfc8 21. Rad1 Rc4 22. R1d3 Rac8 23. Bc1 Rxd4 24. Rxd4 Rc4 25. Qd3 Rxd4 1/2-1/2

[Event "CAN-ch University"]
[Site "London CAN"]
[Date "2017.01.15"]
[Round "4"]
[White "Bao, Tony Bohan"]
[Black "Ivanov, Mike"]
[Result "0-1"]
[WhiteElo "1962"]
[BlackElo "2361"]
[WhiteFideId "-1"]
[WhiteFideId "-1"]
[PlyCount "86"]
[GameId "2160767908478847"]
[EventDate "2017.01.14"]
[EventType "team"]
[EventRounds "5"]
[EventCountry "CAN"]
[SourceTitle "EXT 2022"]
[Source "ChessBase"]
[SourceDate "2021.10.06"]
[SourceVersion "1"]
[SourceVersionDate "2021.10.06"]
[SourceQuality "1"]

1. b3 e5 2. Bb2 Nc6 3. e3 Nf6 4. Bb5 Bd6 5. Na3 Be7 6. Nc4 e4 7. Bxc6 dxc6 8. f3 Be6 9. Ne5 Qd5 10. Qe2 Qa5 11. Nc4 Bxc4 12. Qxc4 O-O-O 13. Bc3 Qg5 14. Qe2 Nd5 15. Bb2 Nb4 16. Kd1 Qc5 17. c3 Nd3 18. Kc2 Qf5 19. g4 Qd5 20. Rd1 h5 21. gxh5 Rxh5 22. f4 Qa5 23. Kb1 Rb5 24. Nh3 Ba3 25. Ba1 Qb6 26. Kc2 a5 27. Rb1 Rc5 28. Kd1 Rcd5 29. Nf2 Nxf4 30. Qg4+ Ne6 31. Nxe4 Qxe3 32. Qe2 Qh6 33. Bb2 Be7 34. Bc1 Nf4 35. Qe3 Qh5+ 36. Kc2 Nd3 37. Ng3 Qg6 38. Qe4 Nxc1 39. Rbxc1 Rxd2+ 40. Kb1 Ba3 41. Qxg6 fxg6 42. Rce1 Rb2+ 43. Ka1 Rdd2 0-1

[Event "CAN-ch University"]
[Site "London CAN"]
[Date "2017.01.15"]
[Round "5"]
[White "Ivanov, Mike"]
[Black "Qin, Zi Yi (Joey)"]
[Result "0-1"]
[WhiteElo "2361"]
[BlackElo "2481"]
[WhiteFideId "-1"]
[WhiteFideId "-1"]
[PlyCount "94"]
[GameId "2160767908478862"]
[EventDate "2017.01.14"]
[EventType "team"]
[EventRounds "5"]
[EventCountry "CAN"]

1. e4 c5 2. Nf3 d6 3. Bb5+ Bd7 4. Bxd7+ Qxd7 5. O-O Nc6 6. c3 Nf6 7. d4 Nxe4 8. d5 Ne5 9. Re1 Nf6 10. Nxe5 dxe5 11. Rxe5 e6 12. c4 O-O-O 13. Nc3 Bd6 14. Re1 exd5 15. cxd5 Qf5 16. Qf3 Qxf3 17. gxf3 h6 18. Be3 b6 19. a4 Be5 20. a5 Kb7 21. axb6 axb6 22. Nb5 Bb8 23. d6 Rhe8 24. Nc7 Bxc7 25. dxc7 Rd7 26. Ra4 Nd5 27. Rg4 f5 28. Rg6 Kxc7 29. Kf1 Kb7 30. Bd2 Rxe1+ 31. Kxe1 Ka6 32. b3 Kb5 33. h4 Ka6 34. h5 Kb5 35. Ke2 Ra7 36. Kd3 Rd7 37. Kc2 Rf7 38. Bc3 Nxc3 39. Kxc3 Ra7 40. Rg1 Ra2 41. Rxg7 Rxf2 42. Rg6 Rxf3+ 43. Kc2 Ka5 44. Rxh6 b5 45. Rc6 Kb4 46. h6 Rc3+ 47. Kd2 Rxb3 0-1

[Event "Pan-Am Intercoll."]
[Site "Kenner USA"]
[Date "2016.12.29"]
[Round "4.4"]
[White "Shen, Arthur"]
[Black "Ivanov, Mike"]
[Result "1/2-1/2"]
[WhiteElo "2421"]
[BlackElo "2299"]
[WhiteFideId "-1"]
[WhiteFideId "-1"]
[PlyCount "132"]
[GameId "2130307637222654"]
[EventDate "2016.12.27"]
[EventType "team"]
[EventRounds "6"]
[EventCountry "USA"]
[SourceTitle "10 Days #494"]
[Source "Chess Mix"]
[WhiteTeam "Columbia University - A"]
[BlackTeam "University Of Toronto - A"]

1. e4 e6 2. d4 d5 3. Nd2 Nf6 4. e5 Nfd7 5. Bd3 c5 6. c3 Nc6 7. Ne2 cxd4 8. cxd4 f6 9. exf6 Nxf6 10. Nf3 Bd6 11. O-O Qc7 12. Nc3 a6 13. Bd2 O-O 14. h3 b5 15. Re1 Qb6 16. Bg5 Ra7 17. Rc1 Rc7 18. Bb1 Na5 19. Ne5 Nc4 20. b3 Na3 21. Qd3 Bb4 22. Bd2 a5 23. f3 Ba6 24. Ne2 Bxd2 25. Qxd2 Nxb1 26. Rxb1 b4 27. Nd3 Bxd3 28. Qxd3 e5 29. Rbc1 e4 30. fxe4 Nxe4 31. Rxc7 Qxc7 32. Rf1 Rxf1+ 33. Kxf1 Qf7+ 34. Kg1 Qf2+ 35. Kh2 h5 36. Qf3 Qxf3 37. gxf3 Nc3 38. Nc1 Kf7 39. Kg3 Kf6 40. f4 Kf5 41. Kf3 h4 42. Ke3 g6 43. Kf3 Ne4 44. Nd3 g5 45. Ke3 g4 46. hxg4+ Kxg4 47. Ne5+ Kg3 48. f5 h3 49. Nf3 Kg4 50. Ne5+ Kxf5 51. Kf3 Nd2+ 52. Kg3 Ke4 53. Nc6 Nxb3 54. axb3 a4 55. bxa4 b3 56. Na7 Kxd4 57. Nb5+ Kc4 58. Kxh3 b2 59. Na3+ Kb3 60. Nb1 Kxa4 61. Kg3 Kb3 62. Kf2 Kc2 63. Na3+ Kb3 64. Nb1 Kc2 65. Na3+ Kd2 66. Nb1+ Kc2 1/2-1/2

[Event "Hart House Holidays op"]
[Site "Toronto CAN"]
[Date "2016.12.16"]
[Round "1"]
[White "Ivanov, Mike"]
[Black "Bluvshtein, Ilia"]
[Result "0-1"]
[WhiteElo "2385"]
[BlackElo "2221"]
[WhiteFideId "-1"]
[WhiteFideId "-1"]
[PlyCount "66"]
[GameId "2160767908475474"]
[EventDate "2016.12.16"]
[EventType "swiss"]
[EventRounds "5"]
[EventCountry "CAN"]
[SourceTitle "EXT 2022"]
[Source "ChessBase"]
[SourceDate "2021.10.06"]
[SourceVersion "1"]
[SourceVersionDate "2021.10.06"]
[SourceQuality "1"]

1. e4 e5 2. Nf3 Nc6 3. d4 exd4 4. Nxd4 Bc5 5. Be3 Qf6 6. c3 Nge7 7. Bc4 Ne5 8. Bb3 d6 9. O-O O-O 10. Nc2 Qg6 11. f3 Kh8 12. Bxc5 dxc5 13. Ne3 Bh3 14. Kh1 Rad8 15. Qe2 Be6 16. Bc2 Rd7 17. f4 Bg4 18. Qf2 Nd3 19. Bxd3 Rxd3 20. Na3 f6 21. Nxg4 Qxg4 22. Qxc5 Rd7 23. Rae1 Rfd8 24. Nc4 b6 25. Qf2 Qe6 26. Qe2 b5 27. Na5 Rd2 28. Qxb5 Qg4 29. Rg1 Qxf4 30. Nc4 Rf2 31. e5 Nf5 32. Re3 Rf1 33. Rd3 Ng3+ 0-1

[Event "Hart House Holidays op"]
[Site "Toronto CAN"]
[Date "2016.12.17"]
[Round "2"]
[White "Cai, Jason"]
[Black "Ivanov, Mike"]
[Result "1-0"]
[WhiteElo "2210"]
[BlackElo "2385"]
[WhiteFideId "-1"]
[WhiteFideId "-1"]
[PlyCount "115"]
[GameId "2160767908475480"]
[EventDate "2016.12.16"]
[EventType "swiss"]
[EventRounds "5"]
[EventCountry "CAN"]
[SourceTitle "EXT 2022"]
[Source "ChessBase"]
[SourceDate "2021.10.06"]
[SourceVersion "1"]
[SourceVersionDate "2021.10.06"]
[SourceQuality "1"]

1. e4 e6 2. d4 d5 3. Nd2 Nf6 4. e5 Nfd7 5. Bd3 c5 6. c3 Nc6 7. Ne2 cxd4 8. cxd4 f6 9. exf6 Nxf6 10. O-O Bd6 11. Nf3 Qc7 12. Bg5 O-O 13. Rc1 h6 14. Bh4 Nh5 15. Bg6 Rxf3 16. Bxh5 Rf5 17. Bg6 Bxh2+ 18. Kh1 Bd6 19. Bxf5 exf5 20. f4 Qf7 21. Nc3 Be6 22. Nb5 Bf8 23. Kg1 Re8 24. Nc3 Qc7 25. Na4 Bd6 26. Qd2 Bf7 27. Nc5 Bh5 28. Rf2 Bg4 29. b4 Qb6 30. a3 a5 31. Qa2 Kh7 32. Qxd5 Qc7 33. Nxb7 Bxf4 34. Rxf4 Qxf4 35. Qxc6 Re2 36. Rf1 Qxd4+ 37. Bf2 Qd3 38. bxa5 Rc2 39. Qd6 Qb5 40. Qb4 Qc6 41. Qb6 Qd5 42. Nc5 Rc3 43. a4 h5 44. a6 Bh3 45. Qb7 Bxg2 46. Qxd5 Bxd5 47. a7 Rc4 48. Be3 g6 49. Rd1 Bf3 50. Rd7+ Kg8 51. a8=Q+ Bxa8 52. Rd8+ Kg7 53. Rxa8 f4 54. Bf2 g5 55. a5 g4 56. a6 g3 57. a7 Rc1+ 58. Kg2 1-0

[Event "Hart House Holidays op"]
[Site "Toronto CAN"]
[Date "2016.12.18"]
[Round "4"]
[White "Zotkin, Daniel"]
[Black "Ivanov, Mike"]
[Result "1/2-1/2"]
[WhiteElo "2206"]
[BlackElo "2385"]
[WhiteFideId "-1"]
[WhiteFideId "-1"]
[PlyCount "82"]
[GameId "2160767908475500"]
[EventDate "2016.12.16"]
[EventType "swiss"]
[EventRounds "5"]
[EventCountry "CAN"]
[SourceTitle "EXT 2022"]
[Source "ChessBase"]
[SourceDate "2021.10.06"]
[SourceVersion "1"]
[SourceVersionDate "2021.10.06"]
[SourceQuality "1"]

1. e4 e6 2. d4 d5 3. Nc3 Bb4 4. exd5 exd5 5. Bd3 Nc6 6. a3 Bxc3+ 7. bxc3 Nf6 8. Ne2 O-O 9. O-O Na5 10. Bg5 h6 11. Bh4 Qd6 12. f3 Re8 13. a4 Nc4 14. Bxc4 dxc4 15. Bg3 Qc6 16. Qd2 Bf5 17. Rab1 a6 18. Bf2 Re7 19. Rb2 b6 20. a5 b5 21. Rd1 Rd8 22. Bh4 g5 23. Bf2 Nd5 24. Rbb1 Qg6 25. Rbc1 Rde8 26. Ng3 c6 27. Rf1 Kh7 28. h3 Nf4 29. Rfe1 Rxe1+ 30. Bxe1 Bxc2 31. Rxc2 Rxe1+ 32. Qxe1 Qxc2 33. Qe4+ Qxe4 34. Nxe4 Nd5 35. Kf2 f5 36. Nc5 Nxc3 37. Nxa6 Nd5 38. Nc5 b4 39. a6 b3 40. a7 b2 41. a8=Q b1=Q 1/2-1/2